00885nam a2200193 a 4500003000200000005001700002008004100019050003100060100003000091245017200121260009200293300004000385504004100425650004100466650003100507650002600538650004600564650008100610020250514083133.0041216s19uu xx 00 eng d aPGS LB 1574.5 b.F385 2002 aFerrer, Jeanne Carla Tan. aThe effects of habitual texting in the spelling proficiency of grade six students of Southville International School, School Year 2001-2002 /cJeanne Carla Tan Ferrer. aLas Piñas City, Philippines : bSouthville International School and Colleges,c2002. a24 pages :billustrations ;c28 cm. aIncludes bibliographical references. aText messaging (Cell phone systems). aSpelling abilityvTesting. aAcademic achievement. aCommunicationvTechnological innovations. aEnglish languagevOrthography and spellingvStudy and teaching (Elementary).